La dimensión de la pobreza: estudio de la pobreza rural en Costa Rica

Guardado en:
Bibliografiske detaljer
Institution som forfatter: Costa Rica. Oficina de Planificación Nacional y Política Económica. División de Planificación Global
Format: Texto
Udgivet: San José: OFIPLAN
Tags: Tilføj Tag
Ingen Tags, Vær først til at tagge denne postø!

MARC

LEADER 00000 a a2200000 04500
001 20432
003
040
090 |a 085500  
110 |a Costa Rica. Oficina de Planificación Nacional y Política Económica. División de Planificación Global  
245 |a La dimensión de la pobreza: estudio de la pobreza rural en Costa Rica  
260 |a San José:   |b OFIPLAN  
300 |a 124 p.  
999 |c 15025  |d 15025